Робинзон Крузо (Запись № 1120205)

Подробности
000 -МАРКЕР
контрольное поле 01303nam0a2200337 4500
001 - ИДЕНТИФИКАТОР ЗАПИСИ
контрольное поле RU\NLR\bibl\1693079
005 - ИДЕНТИФИКАТОР ВЕРСИИ
контрольное поле 20260408235031.0
010 ## - МЕЖДУНАРОДНЫЙ СТАНДАРТНЫЙ НОМЕР КНИГИ (ISBN)
Номер (ISBN) 978-5-17-035036-0
Уточнения АСТ
010 ## - МЕЖДУНАРОДНЫЙ СТАНДАРТНЫЙ НОМЕР КНИГИ (ISBN)
Номер (ISBN) 978-5-271-13265-0
Тираж 5000
Уточнения Астрель
021 ## - НОМЕР ГОСУДАРСТВЕННОЙ РЕГИСТРАЦИИ
Код страны Российская Федерация
Номер 2010-73514
Номер Листа государственной регистраци 4875
021 ## - НОМЕР ГОСУДАРСТВЕННОЙ РЕГИСТРАЦИИ
Код страны Российская Федерация
Номер 2011-79871
Номер Листа государственной регистраци 5690
021 ## - НОМЕР ГОСУДАРСТВЕННОЙ РЕГИСТРАЦИИ
Код страны Российская Федерация
Номер 2013-67180
Номер Листа государственной регистраци 4600
035 ## - ДРУГИЕ СИСТЕМНЫЕ НОМЕРА
Идентификатор записи (NLR Aleph) 001684187
100 ## - ДАННЫЕ ОБЩЕЙ ОБРАБОТКИ
Данные общей обработки 20101030d2010 |||y0rusy50 ca
101 1# - ЯЗЫК РЕСУРСА
Язык текста, звукозаписи и т.д. русский
Язык оригинала английский
102 ## - СТРАНА ПУБЛИКАЦИИ ИЛИ ПРОИЗВОДСТВА
Страна публикации Российская Федерация
105 ## - ПОЛЕ КОДИРОВАННЫХ ДАННЫХ: ТЕКСТОВЫЕ МАТЕРИАЛЫ, МОНОГРАФИЧЕСКИЕ
Кодированные данные о монографическом текстовом документе a |||||||||
200 1# - ЗАГЛАВИЕ И СВЕДЕНИЯ ОБ ОТВЕТСТВЕННОСТИ
Основное заглавие Робинзон Крузо
Сведения, относящиеся к заглавию [для среднего школьного возраста]
Первые сведения об ответственности Даниэль Дефо
Последующие сведения об ответственности [пер. с англ. М. Шишмаревой
-- худож. Ж. Ганвиль]
210 ## - ПУБЛИКАЦИЯ, РАСПРОСТРАНЕНИЕ И ДР.
Место издания, распространения и т.д. Москва
Имя издателя, распространителя и т. д. АСТ
-- Астрель
Дата издания, распространения и т.д. 2010
215 ## - ФИЗИЧЕСКАЯ ХАРАКТЕРИСТИКА
Специфическое обозначение материала и объем 446, [1] с.
Другие сведения о физической характеристике ил.
Размеры 21
225 1# - СЕРИЯ
Основное заглавие серии Внеклассное чтение
500 ## - УНИФИЦИРОВАННОЕ ЗАГЛАВИЕ
Унифицированное заглавие Робинзон Крузо
Системный номер авторитетной/нормативной записи 2631332
Идентификатор авторитетной / нормативной записи RU\NLR\AUTH\559313
700 #1 - ИМЯ ЛИЦА - ПЕРВИЧНАЯ ОТВЕТСТВЕННОСТЬ
Код отношения Автор
Графика поля Кириллица
Материалы, к которым относится поле rus
Начальный элемент ввода Дефо
Часть имени, кроме начального элемента ввода Д.
Даты ок.1660-1731
Расширение инициалов личного имени Даниель
Системный номер авторитетной/нормативной записи 912
Идентификатор авторитетной/нормативной записи RU\NLR\AUTH\7717827
702 #1 - ИМЯ ЛИЦА - ВТОРИЧНАЯ ОТВЕТСТВЕННОСТЬ
Код отношения Иллюстратор
Графика поля Кириллица
Материалы, к которым относится поле rus
Начальный элемент ввода Гранвиль
Часть имени, кроме начального элемента ввода Ж. Ж.
Даты 1803-1847
Расширение инициалов личного имени Жан Жак
Системный номер авторитетной/нормативной записи 61293
Идентификатор авторитетной/нормативной записи RU\NLR\AUTH\7778365
801 #0 - ИСТОЧНИК ЗАПИСИ
Страна Российская Федерация
Организация NLR
Дата составления 20101030
Правила каталогизации RCR
801 #1 - ИСТОЧНИК ЗАПИСИ
Страна Российская Федерация
Организация NLR
Дата составления 20101030
942 ## - ДОПОЛНИТЕЛЬНЫЕ ЭЛЕМЕНТЫ ЗАПИСИ (АБИС)
Тип экземпляра АБИС Книга
980 ## - КОЛЛЕКЦИЯ
Название коллекции Национальная библиография
Экземпляры
Тип экземпляра Дата поступления Источник поступления Библиотека постоянного хранения Библиотека текущего хранения Место хранения Шифр хранения Штрих-код Статус экземпляра Стоимость
Книга 30.10.2010 Обязательный экземпляр РНБ (Московский) РНБ (Московский) Русский книжный фонд: издания с 1957 года 2010-3/35287 3280228    
Книга 30.10.2010 Обязательный экземпляр РНБ (Московский) РНБ (Московский) Обменный фонд   3280229    
Книга 07.11.2011 Обязательный экземпляр РНБ (Московский) РНБ (Московский) Обменный фонд   3524799    
Книга 07.11.2011 Обязательный экземпляр РНБ (Московский) РНБ (Московский) Обменный фонд   3524800    
Книга 01.10.2013 Обязательный экземпляр РНБ (Московский) РНБ (Московский) Обменный фонд   3963737   110.00
Книга 01.10.2013 Обязательный экземпляр РНБ (Московский) РНБ (Московский) Обменный фонд   3963738